000 00743cam a22002537a 4500
003 CHAP
005 20220329141407.0
008 971013s1968 r 00010 d
010 _a67438
011 _a68410
035 _a77882
040 _cCHAP
082 _a634.775
_bE8
100 0 0 _aEspinoza Ochoa, Rogelio.
_938062
245 1 3 _aEl cultivo del nopal en el Valle del mezquital
_b: información fotográfica a colores
260 _a[México] :
_bSAG,
_c[1968?-]
300 _ac.a. 85 h.
590 _aBATCH-UPD
_b10
_c20130110
_lUCH01
_h0427
590 _aCONVERSION
_b10
_c20130109
_lUCH01
_h1337
650 1 4 _aNopal
_xHidalgo.
_981674
901 _aBK
942 _cLIBRO
949 _a634.775 E8
_bBC
_cESP
_d-30755
_eESP
_h73222
_i77882
_si
999 _c67438
_d67438